|
|
|
|
| LEADER |
00000nam0a2200000 4500 |
| 001 |
285930 |
| 005 |
20231101235837.0 |
| 035 |
|
|
|a (RuTPU)RU\TPU\book\310217
|
| 035 |
|
|
|a RU\TPU\book\95320
|
| 090 |
|
|
|a 285930
|
| 100 |
|
|
|a 20060110d1985 k y0rusy50 ca
|
| 101 |
0 |
|
|a rus
|
| 102 |
|
|
|a RU
|
| 105 |
|
|
|a a z 001zb
|
| 200 |
1 |
|
|a Избранные труды. Математика и механика
|f А. Н. Колмогоров
|g Академия наук СССР (АН СССР), Отделение математики ; отв. ред. С. М. Никольский ; сост. В. М. Тихомиров
|
| 210 |
|
|
|a Москва
|c Наука
|d 1985
|
| 215 |
|
|
|a 469 с.
|c ил.
|
| 320 |
|
|
|a Список трудов: с. 452-466
|
| 330 |
|
|
|a Настоящее издание представляет собой первую книгу избранных трудов А. Н. Колмогорова. В ней сосредоточены исследования по тригонометрическим и ортогональным рядам, теории меры и интеграла, теории приближений, математической логике, дифференциальным уравнениям, геометрии, топологии, функциональному анализу, суперпозициям функций, дескриптивной теории множеств, теории турбулентности, классической механике и некоторым другим вопросам.
|
| 600 |
|
1 |
|a Колмогоров
|g Андрей Николаевич
|b А. Н.
|f 1903-1987
|c российский математик
|2 stltpush
|3 (RuTPU)RU\TPU\pers\1509
|
| 606 |
1 |
|
|a Математика
|2 stltpush
|3 (RuTPU)RU\TPU\subj\67327
|9 83171
|
| 606 |
1 |
|
|a Механика
|2 stltpush
|3 (RuTPU)RU\TPU\subj\67812
|9 83462
|
| 610 |
1 |
|
|a тригонометрические ряды
|
| 610 |
1 |
|
|a ортогональные ряды
|
| 610 |
1 |
|
|a множества
|
| 610 |
1 |
|
|a дескриптивная теория множеств
|
| 610 |
1 |
|
|a функциональный анализ
|
| 610 |
1 |
|
|a приближения
|
| 610 |
1 |
|
|a функции
|
| 610 |
1 |
|
|a суперпозиции функций
|
| 610 |
1 |
|
|a математическая логика
|
| 610 |
1 |
|
|a дифференциальные уравнения
|
| 610 |
1 |
|
|a геометрия
|
| 610 |
1 |
|
|a топология
|
| 610 |
1 |
|
|a классическая механика
|
| 610 |
1 |
|
|a турбулентность
|
| 675 |
|
|
|a 51
|v 4
|
| 675 |
|
|
|a 531
|v 4
|
| 700 |
|
1 |
|a Колмогоров
|b А. Н.
|c российский математик
|f 1903-1987
|g Андрей Николаевич
|2 stltpush
|3 (RuTPU)RU\TPU\pers\1509
|9 661
|
| 702 |
|
1 |
|a Никольский
|b С. М.
|4 340
|
| 702 |
|
1 |
|a Тихомиров
|b В. М.
|4 220
|
| 712 |
0 |
2 |
|a Академия наук СССР (АН СССР)
|b Отделение математики
|c (1925-1991)
|2 stltpush
|3 (RuTPU)RU\TPU\col\722
|
| 801 |
|
1 |
|a RU
|b 63413507
|c 20150302
|
| 801 |
|
2 |
|a RU
|b 63413507
|c 20170626
|g RCR
|
| 942 |
|
|
|c BK
|